|
|
|
|
| LEADER |
00837nam a22002412a 4500 |
| 001 |
000921722 |
| 003 |
CZ BrMZK |
| 005 |
20081119091134.0 |
| 007 |
ta |
| 008 |
081119s1981 ru er|||||||||||rus d |
| 040 |
|
|
|a ABA001
|b cze
|c ABA001
|d BOA001
|
| 080 |
9 |
|
|a 908.581(084.1)=82
|
| 245 |
0 |
0 |
|a Afganistan segodnja /
|c sost. Chajdar Masud, A.N. Sacharov ; avtory teksta Machmud Ber'jalaj, Vladimir Vladimirovič Lukov, Leonid Kuprijenovič Mironov
|
| 260 |
|
|
|a Moskva :
|b Planeta,
|c 1981
|
| 300 |
|
|
|a 239 s. :
|b il.
|
| 490 |
1 |
|
|a Strany mira
|
| 700 |
1 |
|
|a Masud, Chajdar
|4 com
|
| 700 |
1 |
|
|a Sacharov, Andrej Nikolajevič,
|d 1930-2019
|7 jn20000604765
|4 com
|
| 830 |
|
0 |
|a Strany mira
|
| 910 |
|
|
|a BOA001
|b 4-0861.144
|
| 990 |
|
|
|a BK
|
| 991 |
|
|
|b 200811
|
| 996 |
6 |
|
|b BC-618492
|c 4-0861.144
|l MZK
|r Sklad / do 1 hodiny
|n 0
|w 000921722
|u 000010
|a 1
|e BOA001
|j MZK50
|s P
|